Music Quiz

Random Music or Kpop Quiz

IDENTIFY THE KPOP BOY BANDS (SONGS) Quiz Stats

 Plays Quiz not verified by Sporcle

Score 0/42 Timer 15:00
0 Plays Today
Song Title Band % Correct
LuciferSHINee
97.9%
Fantastic BabyBig Bang
97.8%
WolfEXO
97.7%
Sexy, Free, and SingleSuper Junior
96.7%
Voodoo DollVIXX
94.6%
WarriorBAP
94.2%
Girls Girls GirlsGOT7
94.1%
MiroticDBSK
92.9%
N.OBangtan Boys
91.5%
ShockBeast
89.5%
NalinABlock B
89.4%
ChaserInfinite
89.1%
Smoky GirlMBLAQ
88.1%
RockingTeen Top
87.4%
JanusBoyfriend
86.3%
InsaneBTOB
85%
Come Back When You Hear This Song2PM
81.8%
DoradoraU-Kiss
78.8%
Sleep TalkingNU'EST
77.2%
BounceJJ Project
76.6%
Can't Let You Go Even If I Die2AM
74.5%
Song Title Band % Correct
LOVE GIRLCN BLUE
68.7%
MADLYFT Island
66%
This LoveShinhwa
63.2%
MessageMYNAME
58.7%
Mama BeatLC9
54.2%
Bad Boy100%
48.5%
Lovey Dovey PlusSPEED
47.1%
DreamerHistory
40.4%
You Know MeTasty
39.4%
Party RockBoys Republic
34.3%
Run and RunBIGSTAR
31.7%
Bad BoysLED Apple
29.7%
ColdC-Clown
25.4%
Open The DoorWonder Boyz
21.9%
DangerousX-5
14.1%
BecauseAA
12.5%
She's ComingCHAOS
10.9%
Lover BoyA-Peace
8.4%
Please Don't SayF.I.X
8.3%
I Made Another Girl Cry2BiC
7.5%
Shake ItJackpot
1.9%

You're not logged in!

Compare scores with friends on all Sporcle quizzes.
OR
Log In

Show Comments

Extras

Created Mar 1, 2014ReportNominate
Tags:Kpop Quiz, Kpop Quiz

Top Quizzes Today


Score Distribution

Your Account Isn't Verified!

In order to create a playlist on Sporcle, you need to verify the email address you used during registration. Go to your Sporcle Settings to finish the process.

Report this User

Report this user for behavior that violates our Community Guidelines.

Details: